Perspective of Social Work in the Axiological and Ethical Dimension
Súčasné aspekty procesov poskytovania pomoci a rozhodovania v sociálnej práci z pohľadu etickej a praktickej perspektívy. Vývoj alternatívnych riešení v náročných situáciách etických dilem, ktoré ovplyvňujú správanie sociálnych pracovníkov.
Enregistré dans:
| Auteur principal: | |
|---|---|
| Autres auteurs: | |
| Format: | Chapitre de livre |
| Langue: | anglais |
| Sujets: | |
| Tags: |
Pas de tags, Soyez le premier à ajouter un tag!
|
MARC
| LEADER | 00000naa a2200000 4500 | ||
|---|---|---|---|
| 001 | 0282726 | ||
| 005 | 20240417075159.1 | ||
| 041 | 0 | |a eng | |
| 044 | |a CZ | ||
| 245 | 1 | 0 | |a Perspective of Social Work in the Axiological and Ethical Dimension |c Natalia Głódź, Aleksandra Półtorzycka |
| 520 | |a Súčasné aspekty procesov poskytovania pomoci a rozhodovania v sociálnej práci z pohľadu etickej a praktickej perspektívy. Vývoj alternatívnych riešení v náročných situáciách etických dilem, ktoré ovplyvňujú správanie sociálnych pracovníkov. | ||
| 610 | 2 | 0 | |a práca sociálna |
| 610 | 2 | 0 | |a pracovníci sociálni |
| 610 | 2 | 0 | |a správanie organizačné |
| 610 | 2 | 0 | |a procesy sociálne |
| 610 | 2 | 0 | |a pomoc sociálna |
| 610 | 2 | 0 | |a rozhodovanie individuálne |
| 610 | 2 | 0 | |a etika aplikovaná |
| 100 | 1 | |a Głódź, Natalia | |
| 700 | 1 | |a Półtorzycka, Aleksandra | |